000 00963nam a2200301Ia 4500
005 20250307101212.0
008 210716s2008 xx 000 0 und d
020 _a9788173716218
040 _cAIMIT LIBRARY
041 _aeng
082 _a005.7402
_21
_bGEHN
100 _aGehani, Narain.
_943325
245 _aDatabase book :
_bprinciples and practice using MySQL /
_cBy Narain Gehani.
250 _a1st ed.
260 _aHyderabad :
_bUniversities Press ,
_c2008.
300 _axiv, 377p. ;
_cPB
_b23.5 cm.
650 _aDatabases
_943326
650 _aManipulating the database
_943327
650 _aRelational databases
_943328
650 _aManipulating the database
_9204418
650 _aDatabase design
_9204419
650 _aConstraints
_9204420
650 _aSpatial databases
_9204421
650 _aSecurity
_9204422
650 _aLogs and Recovery
_9204423
650 _aSpatial databases
_9204421
942 _2ddc
_cBK
_e1st
_k005.7402 GEHN
999 _c190985
_d190985